01619nam a2200373 a 4500001001000000003000500010005001700015008004100032010001100073011001100084040000900095090001000104100004100114245016700155260004100322500006000363502007900423590004100502590004100543590004000584590004000624650004200664650004900706650004400755650003200799650003600831856007000867901000700937942001000944942000600954999001900960952013100979952013501110000113182CHAP20220329144342.0170511s2016 mx sm |||||||spa d a109643 a110615 cCHAP aTesis1 aOchoa Morales, José Neyder913215810aTulipán cultivado (Tulipan x hortorum), en tres sustratos y tres concentraciones de K en la solución nutritivah[En línea]cpor José Neyder Ochoa Morales. aChapingo, Méx. :bEl autor,c2016. aPara ver el contenido del material haga clic en la liga aTesis (Agr. en Horticultura Protegida) -- UACH. Departamento de Fitotecnia aBATCH-UPDb05c20170511lUCH01h0941 aE11695DGDb10c20170511lUCH01h1451 aE5765TAJb05c20170511lUCH01h0940 aE5765TAJb05c20170511lUCH01h094114aPotasioxEfecto en tulipán.913216214aSoluciones nutritivasxAplicación.913091114aSustratosxEfecto en tulipán.913216014aTulipánxCultivo.913215914aTulipánxFloración.9132161 aFinding aiduhttp://10.13.5.2/tesis/sist113182.pdfzTeclea aquí aBK cTESIS n0 c109643d109643 00104054718TESISaBCbBCd2017-05-11fTESISl0oTesisp113184-10r2019-12-31 00:00:00w2019-12-31yTESISzRecien adquirido 00102local4053708TESISaBCbBCcPA_TESISd2017-05-11fTESISl0oTesisp113184-20r2019-12-31 00:00:00tc.2w2019-12-31yTESIS